| 000 | 00851cam a2200265 i 4500 | ||
|---|---|---|---|
| 001 | 17533938 | ||
| 005 | 20180206041526.0 | ||
| 008 | 121116s2013 nyua b 001 0 eng | ||
| 010 | _a 2012046685 | ||
| 020 | _a9780393913255 (hardcover) | ||
| 020 | _a9780393913262 (pbk.) | ||
| 040 |
_aDLC _beng _cDLC _erda _dDLC |
||
| 041 | _aeng | ||
| 042 | _apcc | ||
| 043 | _an-us--- | ||
| 080 | _a320.473 BIA | ||
| 082 | 0 | 0 |
_a320.473 BIA _223 |
| 100 | 1 | _a19 | |
| 101 | _aPOL | ||
| 245 | 1 | 0 |
_aAmerican politics today / _cWilliam T. Bianco, Indiana University, Bloomington, David T. Canon, University of Wisconsin, Madison. |
| 504 | _aIncludes bibliographical references and index. | ||
| 906 |
_a7 _bcbc _corignew _d1 _eecip _f20 _gy-gencatlg |
||
| 942 |
_2ddc _cBK |
||
| 999 |
_c41883 _d41883 |
||